KOHA-Header-6

Chambers concise Dictionary (Record no. 13639)

000 -LEADER
fixed length control field 00368nam a22001337a 4500
020 ## - INTERNATIONAL STANDARD BOOK NUMBER
ISBN 978-0-550-10072-6
082 ## - DEWEY DECIMAL CLASSIFICATION NUMBER
Classification number 423
Item number BRO
100 ## - MAIN ENTRY--AUTHOR NAME
Personal name Ian Brookes Ed.
245 ## - TITLE STATEMENT
Title Chambers concise Dictionary
260 ## - PUBLICATION, DISTRIBUTION, ETC. (IMPRINT)
Place of publication Edinburgh
Name of publisher Chambers Harrap Publishers
Year of publication 2004
300 ## - PHYSICAL DESCRIPTION
Number of Pages xiv, 1458 Pages
650 ## - SUBJECT ADDED ENTRY--TOPICAL TERM
Topical Term Dictionary, English Dictionary, Concise Dictionary
942 ## - ADDED ENTRY ELEMENTS (KOHA)
Koha item type Books
Holdings
Withdrawn status Lost status Collection code Permanent Location Current Location Shelving location Date acquired Full call number Accession Number Koha item type
    English Literature MAJU MAJU Shelf No.B28 2023-01-05 423 BRO 10729 Books

Powered by Koha